000 00746nam a22002057i 4500
999 _c23212
_d23212
003 AR-CdUCM
008 250130b20182018 ec||||| |||| 00| 0 spa d
020 _a978-9978-62-991-8
040 _aMUNICIPALIDAD PROVINCIAL DEL CUSCO
_cBIBLIOTECA MUNICIPAL DEL CUSCO
041 _hspa
082 _a869.62 / C84
_bC84
100 _aCostales Cazar, Luis
_950988
245 _aPiel Adentro /
260 _aQuito-Ecuador
_bCasa de la Cultura Ecuatoriana Benjamín Carrión
_c2018
300 _a65 páginas. :
_c19x10 cm.
505 _aCanto cósmico -- El hombre -- Canto a la patria -- Dos mundos -- Enero I -- Itinerario de un año -- Carta a Heidegger
856 _fwww.casadelacultura.gob.ec
942 _2ddc
_cLIBROS
945 _apbjr
_d30-01-2025